<?xml version="1.0" encoding="UTF-8"?>
<marc:record xmlns:marc="http://www.loc.gov/MARC21/slim">
   <marc:leader>00000nam a2200000 a 4500</marc:leader>
   <marc:datafield ind1="1" ind2=" " tag="100">
      <marc:subfield code="a">Ahern, Cecelia</marc:subfield>
      <marc:subfield code="4">aut</marc:subfield>
      <marc:subfield code="e">Verfasser/-in</marc:subfield>
   </marc:datafield>
   <marc:datafield ind1="0" ind2="0" tag="245">
      <marc:subfield code="a">Das Jahr, in dem ich dich traf</marc:subfield>
   </marc:datafield>
   <marc:datafield ind1="0" ind2="0" tag="245">
      <marc:subfield code="c">Ahern, Cecelia</marc:subfield>
   </marc:datafield>
   <marc:datafield ind1=" " ind2="1" tag="264">
      <marc:subfield code="a">Berlin</marc:subfield>
      <marc:subfield code="b">Argon</marc:subfield>
      <marc:subfield code="c">2015</marc:subfield>
   </marc:datafield>
   <marc:datafield ind1="1" ind2=" " tag="520">
      <marc:subfield code="a">Angaben aus der Verlagsmeldung

Das Jahr, in dem ich dich traf The Year I Met You / von Cecelia Ahern

Jasmine, 33, ist total erfolgreich und fleißig, und trotzdem fliegt sie aus ihrem Job. Freigestellt für ein ganzes Jahr! Klingt traumhaft? Ein Albtraum für Jasmine, denn nun sitzt sie planlos zu Hause in ihrer Straße voller Rentner. Wofür ist sie überhaupt gut? Interessiert sich noch irgendjemand für sie? Und dann tyrannisiert auch noch der Radiomoderator aus dem Haus gegenüber die gesamte Nachbarschaft. Doch als dieser Matt selbst seinen Job verliert, beginnt für Jasmine eine aufregende Reise nicht nur zu sich selbst – vier Jahreszeiten voller Aufbruch, Freundschaft, Liebe und Hoffnung.
</marc:subfield>
   </marc:datafield>
   <marc:datafield ind1=" " ind2=" " tag="020">
      <marc:subfield code="a">9783839813690</marc:subfield>
      <marc:subfield code="9">9783839813690</marc:subfield>
   </marc:datafield>
   <marc:datafield ind1=" " ind2=" " tag="020">
      <marc:subfield code="a">3839813697</marc:subfield>
      <marc:subfield code="9">3839813697</marc:subfield>
   </marc:datafield>
   <marc:datafield ind1="0" ind2=" " tag="490">
      <marc:subfield code="v">0</marc:subfield>
   </marc:datafield>
   <marc:datafield ind1=" " ind2=" " tag="300">
      <marc:subfield code="a">6 CDs (7 Std. 21 Min.)</marc:subfield>
   </marc:datafield>
</marc:record>
